| 000 | 00330nam a22001217a 4500 | ||
|---|---|---|---|
| 008 | 180604b xxu||||| |||| 00| 0 eng d | ||
| 041 | _aeng | ||
| 080 | _a043.3 | ||
| 100 | _a0 | ||
| 101 | _aMBE-MTH | ||
| 245 |
_aPërdorimi i praktikave të prokurimit elektronik në Evropën Juglindore për Kosovën _cSadiku,N |
||
| 942 |
_2udc _cBK |
||
| 999 |
_c46283 _d46283 |
||